[Event "AUTO-INT-3952"]
[Site "http://www.queenalice.com/game.php?id=1865813"]
[Date "2025.11.19"]
[Round "1"]
[White "jpribeiro"]
[Black "JoseMessias"]
[Result "1-0"]
[WhiteElo "1388"]
[BlackElo "1622"]

1. e4 e5 2. Nf3 d5 3. exd5 Qxd5 4. Nc3 Qe6 5. b3 e4 6. Bc4 Qe7 7. Nd4 Nf6 8. O-O
Bg4 9. f3 Qc5 10. Ne2 exf3 11. gxf3 Bh3 12. Re1 Be7 13. c3 b5 14. Bxb5+ c6 15.
b4 Qg5+ 16. Ng3 Nh5 17. Ne2 Qxb5 18. a4 Qd3 19. Nxh5 Qxf3 20. Nhf4 g5 21. Nxh3
c5 22. Nf2 cxb4 23. cxb4 Bxb4 24. Nd4+ Qe4 25. Nxe4 O-O 26. Nxg5 h6 27. Ne4 f5
28. Qb3+ Rf7 29. Qxb4 fxe4 30. Rxe4 Rg7+ 31. Kh1 Na6 32. Qc4+ Kh7 33. Qxa6 Rf7
34. Qd3 Kh8 35. Bb2 Kg8 36. Rg1+ Rg7 37. Rxg7+ Kxg7 38. Ne6+ Kg6 39. Rg4+ Kf7
40. Qd7# 1-0

[Event "AUTO-INT-3952"]
[Site "http://www.queenalice.com/game.php?id=1865814"]
[Date "2025.11.19"]
[Round "1"]
[White "JoseMessias"]
[Black "jpribeiro"]
[Result "1-0"]
[WhiteElo "1635"]
[BlackElo "1348"]

1. e4 c5 2. d4 cxd4 3. Qxd4 Nc6 4. Qc3 e6 5. a3 d5 6. Bb5 Bd7 7. exd5 exd5 8.
Bxc6 Bxc6 9. Nf3 Nf6 10. Qe5+ Qe7 11. Bg5 Qxe5+ 12. Nxe5 Bb5 13. Nc3 Ba6 14. b4
d4 15. Na4 Be7 16. O-O-O Ne4 17. Bxe7 Kxe7 18. Rxd4 Nxf2 19. Re1 Rac8 20. Ng6+
Kf6 21. Rd6+ Kf5 22. Re5+ 1-0

[Event "AUTO-INT-3952"]
[Site "http://www.queenalice.com/game.php?id=1865830"]
[Date "2025.11.19"]
[Round "1"]
[White "jenyasm"]
[Black "JoseMessias"]
[Result "1-0"]
[WhiteElo "1588"]
[BlackElo "1640"]

1. e4 e5 2. Nf3 d6 3. d3 Bg4 4. h3 Bxf3 5. Qxf3 c6 6. a3 Qh4 7. Qg3 Qxg3 8. fxg3
Nd7 9. Nd2 d5 10. g4 dxe4 11. dxe4 O-O-O 12. Bd3 Be7 13. Nf3 Nc5 14. Nxe5 Rf8
15. b4 Nxd3+ 16. cxd3 Bf6 17. d4 Bxe5 18. dxe5 Re8 19. Bb2 Ne7 20. O-O Ng6 21.
Rxf7 Nxe5 22. Bxe5 Rxe5 23. Rxg7 Rxe4 24. Kh2 h5 25. gxh5 Rh4 26. g4 a6 27. Kg3
R4xh5 28. gxh5 Rxh5 29. Kg4 Rd5 30. Rf7 c5 31. bxc5 Rxc5 32. h4 b5 33. h5 Rc4+
34. Rf4 Rc7 35. h6 Rc6 36. Kg5 Rc5+ 37. Rf5 Rc3 38. Kg6 Rg3+ 39. Rg5 Rh3 40. h7
Kd8 41. Kg7 Ke7 42. h8=Q Rxh8 43. Kxh8 Kd7 44. Rg6 a5 45. Rh1 b4 46. Rh7+ Ke8
47. Rg8# 1-0

[Event "Challenge"]
[Site "http://www.queenalice.com/game.php?id=1866492"]
[Date "2025.12.3"]
[Round "-"]
[White "JoseMessias"]
[Black "Capixabba789"]
[Result "1-0"]
[WhiteElo "1577"]
[BlackElo "1960"]

1. e4 Nf6 2. e5 Nd5 3. c4 Nf4 4. d4 Ng6 5. h4 h5 6. f4 e6 7. g3 Be7 8. Bd3 d5 9.
c5 c6 10. Bxg6 fxg6 11. Nf3 Na6 12. Ng5 Bxg5 13. fxg5 O-O 14. Nc3 Qe7 15. Bf4
Bd7 16. O-O Nc7 17. g4 hxg4 18. Qxg4 Rf5 19. Ne2 Raf8 20. Rf3 Qf7 21. Raf1 Nb5
22. a3 a6 23. a4 Nc7 24. Ng3 a5 25. Nxf5 exf5 26. Qg2 Ne6 27. Rh3 Nxd4 28. Qh2
Rc8 29. h5 gxh5 30. Rxh5 Kf8 31. e6 Nxe6 32. Rh8+ Ke7 33. Bd6# 1-0

[Event "Challenge"]
[Site "http://www.queenalice.com/game.php?id=1866493"]
[Date "2025.12.3"]
[Round "-"]
[White "Capixabba789"]
[Black "JoseMessias"]
[Result "0-1"]
[WhiteElo "1900"]
[BlackElo "1607"]

1. e4 e5 2. Nc3 Bc5 3. Bc4 Qf6 4. Qe2 Nh6 5. Nf3 d6 6. Nd5 Qd8 7. d4 Bxd4 8. c3
Bc5 9. Bxh6 gxh6 10. O-O-O c6 11. Ne3 h5 12. Nxe5 dxe5 13. Rxd8+ Kxd8 14. Bxf7
Bg4 15. Nxg4 hxg4 16. Qxg4 Be7 17. Rd1+ Kc7 18. Qe6 Bg5+ 19. Kb1 Rd8 20. Rxd8
Bxd8 21. Qxe5+ Kb6 22. c4 Nd7 23. Qc3 Nc5 24. f3 Bc7 25. b4 a5 26. bxc5+ Ka7 27.
h3 Rd8 28. Qc2 Rd7 29. Bh5 Rg7 30. Bg4 Rg5 31. h4 Rxc5 32. h5 b5 33. Qd1 bxc4
34. Qd7 Kb6 35. Qxh7 c3 36. Kc2 Be5 37. Be6 Rb5 38. Bb3 a4 39. Qg6 axb3+ 40.
axb3 Ra5 41. Kb1 Rc5 42. Kc2 Ra5 43. Qe8 Ra2+ 44. Kd3 Rd2+ 45. Kc4 c2 46. Qxe5
c1=Q+ 47. Kb4 c5+ 48. Ka4 Ra2# 0-1

[Event "AUTO-INT-3954"]
[Site "http://www.queenalice.com/game.php?id=1866710"]
[Date "2025.12.7"]
[Round "1"]
[White "kuntakinte"]
[Black "JoseMessias"]
[Result "1-0"]
[WhiteElo "1764"]
[BlackElo "1570"]

1. e4 e5 2. Nf3 d5 3. d3 dxe4 4. dxe4 Qxd1+ 5. Kxd1 Bg4 6. Be2 Nf6 7. Nc3 Bb4 8.
a3 Bxc3 9. bxc3 Nxe4 10. Ke1 Nxc3 11. Kd2 Ne4+ 12. Ke3 Nc3 13. h3 Bxf3 14. Bxf3
e4 15. Bxe4 O-O 16. Bxb7 Re8+ 17. Kd3 Nb5 18. Bxa8 c6 19. Bb7 Nd6 20. Rb1 Rd8
21. Kc3 Ne4+ 22. Kc4 Nd6+ 23. Kc3 Nb5+ 24. Kb2 Rd7 25. Bc8 Rd8 26. Bg4 Rd5 27.
Rd1 g6 28. Ka2 Nc3+ 29. Ka1 Nxd1 30. Rxb8+ Kg7 31. f4 Rc5 32. Bxd1 Rc3 33. Bb2
f6 34. Bxc3 Kh6 35. g4 f5 36. Rb7 fxg4 37. hxg4 1-0

[Event "AUTO-INT-3954"]
[Site "http://www.queenalice.com/game.php?id=1866711"]
[Date "2025.12.7"]
[Round "1"]
[White "JoseMessias"]
[Black "kuntakinte"]
[Result "1-0"]
[WhiteElo "1562"]
[BlackElo "1772"]

1. e4 e5 2. Bc4 f6 3. Qh5+ g6 4. Qh4 Nh6 5. d3 Be7 6. Qxh6 Bf8 7. Qh4 d6 8. f4
Qe7 9. f5 Qg7 10. g4 Nc6 11. Nf3 Bd7 12. g5 Be7 13. gxf6 Bxf6 14. Bg5 Rf8 15.
Bxf6 Rxf6 16. Nc3 O-O-O 17. O-O-O h6 18. Rhg1 Ne7 19. Qf2 b6 20. Nd5 Nxd5 21.
Bxd5 g5 22. h4 g4 23. Nh2 Rg6 24. fxg6 Qxg6 25. Bf7 Qg7 26. Rg3 Rf8 27. Rf1 Kb7
28. Bd5+ c6 29. Qxf8 Qxf8 30. Rxf8 cxd5 31. exd5 Ka6 32. Rd8 Bf5 33. Rxd6 h5 34.
Rh6 e4 35. dxe4 Bxe4 36. Rxh5 1-0

[Event "AUTO-INT-3954"]
[Site "http://www.queenalice.com/game.php?id=1866724"]
[Date "2025.12.7"]
[Round "1"]
[White "Carlos19"]
[Black "JoseMessias"]
[Result "1-0"]
[WhiteElo "1549"]
[BlackElo "1597"]

1. e4 e5 2. Nf3 d5 3. Bd3 Bg4 4. h3 dxe4 5. Bxe4 Bxf3 6. Qxf3 c6 7. O-O Bc5 8.
Qc3 Bd4 9. Qg3 f6 10. Qxg7 Qe7 11. Qxh8 Nd7 12. Qxg8+ Nf8 13. d3 O-O-O 14. Qg4+
Ne6 15. Bf5 Rd6 16. c4 Kc7 17. Bxe6 Rxe6 18. Nc3 Qf7 19. Bh6 f5 20. Qg7 Qxg7 21.
Bxg7 Rg6 22. Bf8 f4 23. Kh2 Rf6 24. Ba3 b5 25. cxb5 cxb5 26. Nd5+ Kc6 27. Nxf6
h6 28. Rac1+ Kb6 29. Ng8 h5 30. Be7 Bxb2 31. Rb1 Bd4 32. a4 Ka5 33. Rb4 bxa4 34.
Nf6 Bc3 35. Rc4 Bb2 36. Nxh5 a3 37. Bxa3 Bd4 38. Bc5 Bb2 39. Bxa7 1-0

[Event "AUTO-INT-3954"]
[Site "http://www.queenalice.com/game.php?id=1866725"]
[Date "2025.12.7"]
[Round "1"]
[White "JoseMessias"]
[Black "Carlos19"]
[Result "1/2-1/2"]
[WhiteElo "1615"]
[BlackElo "1714"]

1. e4 e5 2. Bc4 Nf6 3. d4 d6 4. h3 a6 5. dxe5 Nxe4 6. Qf3 d5 7. Bb3 Bc5 8. Be3
Bxe3 9. Qxe3 Qg5 10. Qxg5 Nxg5 11. f4 Ne4 12. Bxd5 Nc5 13. Ne2 c6 14. Be4 Nxe4
15. O-O O-O 16. Nbc3 Bf5 17. g4 Nxc3 18. Nxc3 Bxc2 19. Rf2 Bd3 20. Rf3 Bc4 21.
b3 Be6 22. f5 Bc8 23. Na4 Nd7 24. e6 fxe6 25. Raf1 Ne5 26. Rf4 exf5 27. Nb6 Rb8
28. Nxc8 Rbxc8 29. gxf5 g5 30. Re4 Rce8 31. f6 Nf7 32. Re7 b5 33. Rfe1 Nd6 34.
R1e6 Rd8 35. Rg7+ Kh8 36. Ree7 Rf7 37. Rgxf7 Nxf7 38. Rxf7 Rd1+ 39. Kf2 h5 40.
Rc7 Rd6 41. Rf7 Kg8 42. Rg7+ Kf8 43. Rg6 Kf7 44. Rxg5 Rxf6+ 45. Ke2 Rh6 46. Rf5+
Ke6 47. Rf8 Kd5 48. Kd2 Kc5 49. a3 b4 50. a4 h4 51. Ra8 Kb6 52. Kd3 c5 53. Rb8+
Ka7 54. Rc8 Rh5 55. Kc4 Kb6 56. a5+ Kb7 57. Rxc5 Rxc5+ 58. Kxc5 Kc7 59. Kxb4 Kd6
60. Kc4 Kc6 61. b4 Kb7 62. Kc5 Kc7 63. b5 axb5 64. Kxb5 Kb7 65. a6+ Ka7 66. Ka5
Kb8 67. Kb6 Ka8 68. Kc5 Ka7 69. Kd4 Kb6 70. a7 Kxa7 71. Ke4 Kb7 72. Kf4 Kc7 73.
Kg4 Kd7 74. Kxh4 Ke7 75. Kg5 Kf7 76. Kh6 Kg8 77. h4 Kh8 78. h5 Kg8 79. Kg6 Kh8
80. h6 Kg8 81. Kf6 Kh8 82. Kg6 Kg8 83. h7+ Kh8 84. Kh6 1/2-1/2

[Event "AUTO-INT-3954"]
[Site "http://www.queenalice.com/game.php?id=1866732"]
[Date "2025.12.7"]
[Round "1"]
[White "Rocio"]
[Black "JoseMessias"]
[Result "0-1"]
[WhiteElo "1508"]
[BlackElo "1619"]

1. e4 e5 2. Bc4 Nf6 3. Nc3 c6 4. d3 d5 5. exd5 cxd5 6. Bb5+ Bd7 7. Bxd7+ Nbxd7
8. Bg5 h6 9. Bxf6 Qxf6 10. f3 Qf4 11. Nxd5 Qh4+ 12. g3 Qd8 13. Ne2 Nc5 14. c4 b5
15. O-O bxc4 16. dxc4 Ne6 17. Nec3 Bc5+ 18. Kg2 O-O 19. Ne4 f5 20. Nec3 Bd4 21.
Nb5 Bxb2 22. Rb1 Bd4 23. Re1 Qg5 24. Kf1 a6 25. Nd6 f4 26. Ne4 Qh5 27. Re2 Qxf3+
28. Nf2 fxg3 29. Ke1 Bxf2+ 30. Kd2 Nd4 31. Nc3 Rad8 32. Kc1 Qxc3+ 33. Rc2 Nxc2
34. Qe2 Be3+ 35. Qxe3 Nxe3# 0-1

[Event "Challenge"]
[Site "http://www.queenalice.com/game.php?id=1866772"]
[Date "2025.12.8"]
[Round "-"]
[White "Capixabba789"]
[Black "JoseMessias"]
[Result "1-0"]
[WhiteElo "1867"]
[BlackElo "1579"]

1. d4 d5 2. Nc3 e6 3. f4 f5 4. Nf3 c5 5. e3 cxd4 6. exd4 Bb4 7. Bd2 Nf6 8. Bd3
a6 9. O-O b5 10. Ne5 Ng4 11. Qe1 Nxe5 12. fxe5 Nc6 13. Qg3 Nxd4 14. Qxg7 Rf8 15.
a3 Bc5 16. Kh1 Nc6 17. Qxh7 Nxe5 18. b4 Bd4 19. Rae1 a5 20. Nxb5 Nxd3 21. Nc7+
Qxc7 22. Qxc7 Nxe1 23. Qc6+ Ke7 24. Qxa8 Bd7 25. Qxa5 Nxc2 26. Qc7 Nxa3 27. Bg5+
Ke8 28. h4 Bf6 29. Qg3 Nc4 30. Qb8+ Kf7 31. Qc7 Ke7 32. Qc5+ Kf7 33. Bxf6 Kxf6
34. Qxf8+ Ke5 35. h5 Ne3 36. h6 Nxf1 37. h7 Ng3+ 38. Kg1 Ne2+ 39. Kf2 Nf4 40.
h8=Q+ Ke4 41. Qd6 Nd3+ 42. Kg1 Bb5 43. Qxe6+ Kf4 44. Qh4# 1-0

[Event "Challenge"]
[Site "http://www.queenalice.com/game.php?id=1866773"]
[Date "2025.12.8"]
[Round "-"]
[White "JoseMessias"]
[Black "Capixabba789"]
[Result "0-1"]
[WhiteElo "1575"]
[BlackElo "1859"]

1. e4 e5 2. Bc4 Nc6 3. Qf3 f5 4. Qxf5 d5 5. Bxd5 Bxf5 6. exf5 Qxd5 7. f3 Nf6 8.
Nc3 Qd7 9. Nb5 O-O-O 10. g4 Nxg4 11. fxg4 Be7 12. d3 Bh4+ 13. Kd1 Qd5 14. a4
Qxh1 15. Be3 Qxg1+ 16. Bxg1 a6 17. Nc3 Rhe8 18. Ne4 Nd4 19. c3 Nf3 20. Be3 Nxh2
21. Kd2 Nxg4 22. Rg1 Nxe3 23. Kxe3 Bf6 24. b4 h6 25. Nc5 Rd5 26. Ne4 Red8 27.
Nc5 b6 28. c4 Rd4 29. Ne6 Rxd3+ 30. Ke4 R8d4+ 31. Nxd4 Rxd4+ 32. Ke3 Rxc4 33.
Rb1 h5 34. Kd3 Rd4+ 35. Ke3 h4 36. b5 Rxa4 37. bxa6 Rxa6 38. Ke4 Ra4+ 39. Kd5 h3
40. Rb2 Kd7 41. Rc2 Rd4# 0-1

[Event "Challenge"]
[Site "http://www.queenalice.com/game.php?id=1867082"]
[Date "2025.12.16"]
[Round "-"]
[White "JoseMessias"]
[Black "Capixabba789"]
[Result "1-0"]
[WhiteElo "1586"]
[BlackElo "1898"]

1. e4 e5 2. d4 exd4 3. Qxd4 d6 4. Bc4 a5 5. Qd5 Qe7 6. Bg5 f6 7. Bd2 c6 8. Qh5+
g6 9. Qf3 Na6 10. Bc3 Nb4 11. Na3 Nh6 12. O-O-O Bg4 13. Qf4 Bg7 14. Rxd6 Rf8 15.
h3 Bd7 16. Nf3 Nf7 17. Bxf7+ Rxf7 18. Rhd1 Nxa2+ 19. Kb1 Nxc3+ 20. bxc3 Rd8 21.
Nc4 f5 22. e5 g5 23. Nxg5 a4 24. Nxf7 Qxf7 25. Nb6 Qf8 26. Nxd7 Qh8 27. Qxf5 1-0

[Event "Challenge"]
[Site "http://www.queenalice.com/game.php?id=1867083"]
[Date "2025.12.16"]
[Round "-"]
[White "Capixabba789"]
[Black "JoseMessias"]
[Result "1-0"]
[WhiteElo "1847"]
[BlackElo "1622"]

1. d4 d5 2. Nc3 Nf6 3. e4 dxe4 4. f3 exf3 5. Qxf3 Nc6 6. Be3 Nb4 7. O-O-O Bg4 8.
Qf2 Bxd1 9. Kxd1 c5 10. Qf3 cxd4 11. Bb5+ Nc6 12. Bxc6+ bxc6 13. Qxc6+ Nd7 14.
Bxd4 e6 15. Kc1 Rc8 16. Qf3 a6 17. Nh3 e5 18. Rf1 f6 19. Be3 h5 20. Kb1 Qe7 21.
Qf5 Rh6 22. Nd5 g6 23. Nxe7 gxf5 24. Nxc8 f4 25. Bg1 Kd8 26. Nb6 Kc7 27. Nd5+
Kd8 28. a3 f5 29. Ng5 Rg6 30. h4 Be7 31. Nxe7 Kxe7 32. Kc1 Nf6 33. Bc5+ Ke8 34.
b4 Ne4 35. Nf3 Rxg2 36. Nxe5 Re2 37. Rxf4 Nxc5 38. Rxf5 Na4 39. Rxh5 Re1+ 40.
Kd2 Rg1 41. Rg5 Rh1 42. h5 Rh2+ 43. Kc1 Nc3 44. Kb2 Nd1+ 45. Kb3 Rh3+ 46. Ka4
Nc3+ 47. Ka5 Ne4 48. Rg8+ Ke7 49. Rh8 Rxa3+ 50. Kb6 Ke6 51. Nd3 Nf6 52. h6 Ra1
53. Nc5+ Kf7 54. Nxa6 Rc1 55. Ra8 Rxc2 56. Ra7+ Kg6 57. h7 Nxh7 58. Rc7 Rf2 59.
Rc6+ Nf6 60. b5 Kf5 61. Ka7 Rd2 62. b6 Rd7+ 63. Rc7 Ke6 64. b7 Rxc7 65. Nxc7+
Kd6 66. b8=Q Nd7 67. Qd8 Kc6 68. Na6 Nc5 69. Qc8+ Kb5 70. Qxc5+ 1-0

[Event "Challenge"]
[Site "http://www.queenalice.com/game.php?id=1867489"]
[Date "2026.1.1"]
[Round "-"]
[White "JoseMessias"]
[Black "Capixabba789"]
[Result "0-1"]
[WhiteElo "1609"]
[BlackElo "1839"]

1. b3 e5 2. Bb2 d6 3. e4 Nc6 4. Bb5 Bd7 5. Nc3 Nf6 6. Bxc6 Bxc6 7. Qe2 g6 8. b4
Bg7 9. b5 Bd7 10. d4 exd4 11. Nd5 O-O 12. Bxd4 Nxd5 13. Bxg7 Kxg7 14. c4 Nf4 15.
Qb2+ f6 16. O-O-O a6 17. f3 axb5 18. cxb5 Be6 19. g3 Rxa2 20. Qc3 Nh5 21. g4 Qa8
22. gxh5 Ra1+ 23. Kd2 Qa2+ 24. Ke1 Rxd1+ 25. Kxd1 Qg2 26. Qe3 Qxh1 27. Qf2 Ra8
28. Qg3 Ra2 29. Ke1 Rg2 30. Qxg2 Qxg2 31. Ne2 Bc4 32. Nd4 Qxh2 33. hxg6 hxg6 34.
Kd1 Qg1+ 35. Kd2 Qxd4+ 0-1

[Event "Challenge"]
[Site "http://www.queenalice.com/game.php?id=1867490"]
[Date "2026.1.1"]
[Round "-"]
[White "Capixabba789"]
[Black "JoseMessias"]
[Result "1-0"]
[WhiteElo "1845"]
[BlackElo "1616"]

1. e4 e5 2. Bc4 Bc5 3. Nf3 d6 4. d4 exd4 5. c3 dxc3 6. O-O cxb2 7. Bxb2 f6 8.
Nbd2 Ne7 9. Nh4 Nec6 10. Re1 Bd4 11. Bxd4 Nxd4 12. Qh5+ Kd7 13. Qf7+ Qe7 14. Qh5
Nc2 15. e5 dxe5 16. Ne4 Nxa1 17. Rxa1 Nc6 18. Rd1+ Nd4 19. Nf3 b5 20. Bxb5+ c6
21. Bc4 g6 22. Qh6 Kc7 23. h3 Nf5 24. Qc1 Bb7 25. Bb3 c5 26. Nxc5 Bxf3 27. gxf3
Kb6 28. Na4+ Kb7 29. Bd5+ Kb8 30. Bxa8 Kxa8 31. Qb1 Qa3 32. Qe4+ Kb8 33. Rb1+
Kc7 34. Qc4+ Kd7 35. Rb7+ Kd6 36. Qc7+ Ke6 37. Qd7# 1-0

[Event "Challenge"]
[Site "http://www.queenalice.com/game.php?id=1867976"]
[Date "2026.1.15"]
[Round "-"]
[White "JoseMessias"]
[Black "Capixabba789"]
[Result "0-1"]
[WhiteElo "1623"]
[BlackElo "1875"]

1. e4 Nf6 2. e5 Nd5 3. c4 Nb6 4. c5 Nd5 5. Bc4 e6 6. Bxd5 exd5 7. d4 b5 8. Nc3
c6 9. a4 b4 10. Nce2 a5 11. Nf3 Na6 12. Bg5 Be7 13. Bxe7 Qxe7 14. O-O O-O 15.
Nf4 Nc7 16. Nh5 Ne6 17. Nd2 Nxd4 18. f4 Nf5 19. g4 Nh6 20. g5 Nf5 21. Qg4 Ne3
22. g6 Nxg4 23. gxh7+ Kxh7 24. Ra3 Qh4 25. Nf3 Qxh5 26. Re3 Nxe3 27. Re1 Qxf3
28. b3 Qg2# 0-1